000 00398nam a2200157Ia 4500
008 200103s9999||||xx |||||||||||||| ||und||
020 _a9780707741369
040 _aIMU-MPC
082 _aColumn-8
100 _aAdmiralty
245 0 _aAdmiralty guide to the practical use of ENCs
250 _a1st Ed.
260 _bAdmirality Charts and Publications
_c2012
300 _aviii, 164
942 _cBK
999 _c3988
_d3988